书目信息 |
| 题名: |
中国排污收费制度改革与设计
|
|
| 作者: | 杨金田 著 | |
| 分册: | ||
| 出版信息: | 北京 中国环境科学出版社 1998.09 |
|
| 页数: | 490页 | |
| 开本: | 16开 | |
| 丛书名: | ||
| 单 册: | ||
| 中图分类: | ||
| 科图分类: | ||
| 主题词: | 环境规划 , 环境管理 , 环境堡规划 | |
| 电子资源: | ||
| ISBN: | 7-80135-620-9 | |
| 000 | 00670nam0 2200229 45 | |
| 001 | 9911091520 | |
| 005 | 19991109152015.4 | |
| 010 | @a7-80135-620-9@d76.00元 | |
| 100 | @a19991109d1998 km y0chiy0120 ea | |
| 101 | @achi | |
| 105 | @a z 000yy | |
| 200 | 1 | @a中国排污收费制度改革与设计@AZhong Guo Pai Wu Shou Fei Zhi Du Gai Ge Yu She Ji@f杨金田,王金男等著@FYang Jin Tian,Wang Jin Nan Deng Zhu |
| 210 | @a北京@c中国环境科学出版社@d1998.09 | |
| 215 | @a490页@d16开 | |
| 606 | 0 | @a环境规划 |
| 606 | 0 | @a环境管理 |
| 606 | 0 | @a环境堡规划 |
| 690 | @v3 | |
| 690 | @aX323 | |
| 701 | @a杨金田@4著 | |
| 801 | @aCN@bPFTUser@c19991109 | |
| 905 | @f2@b43202-203@dX323@eY837 | |
| 中国排污收费制度改革与设计/杨金田,王金男等著.-北京:中国环境科学出版社,1998.09 |
| 490页;16开 |
| ISBN 7-80135-620-9:76.00元 |
| ● |
| 相关链接 |
|
|
|
正题名:中国排污收费制度改革与设计
索取号:X323/Y837
 
预约/预借
| 序号 | 登录号 | 条形码 | 馆藏地/架位号 | 状态 | 备注 |
| 1 | 43202 | 200432022 | 期刊室512/501自科库 66排5列3层/ [索取号:X323/Y837] | 在馆 | |
| 2 | 43203 | 200432031 | 期刊室512/501自科库 66排5列3层/ [索取号:X323/Y837] | 在馆 |